|
|
|
|
| LEADER |
01657nam a2200409 i 4500 |
| 001 |
EBC6010961 |
| 003 |
MiAaPQ |
| 005 |
20200302132733.0 |
| 006 |
m o d | |
| 007 |
cr cnu|||||||| |
| 008 |
200302s2020 qeaa o 000 0 eng d |
| 020 |
|
|
|z 9780730382072
|
| 020 |
|
|
|a 9780730382102 (e-book)
|
| 035 |
|
|
|a (MiAaPQ)EBC6010961
|
| 035 |
|
|
|a (Au-PeEL)EBL6010961
|
| 035 |
|
|
|a (OCoLC)1136963162
|
| 040 |
|
|
|a MiAaPQ
|b eng
|e rda
|e pn
|c MiAaPQ
|d MiAaPQ
|
| 050 |
|
4 |
|a HF5381
|b .G533 2020
|
| 082 |
0 |
|
|a 650.1
|2 23
|
| 100 |
1 |
|
|a Gibbings, Michelle,
|e author.
|
| 245 |
1 |
0 |
|a Get career fit :
|b healthcheck your career and leap into your future /
|c Michelle Gibbings.
|
| 250 |
|
|
|a Second edition.
|
| 264 |
|
1 |
|a Milton, Queensland :
|b Wiley,
|c [2020]
|
| 264 |
|
4 |
|c 2020
|
| 300 |
|
|
|a 1 online resource (xxxix, 209 pages) :
|b illustrations.
|
| 336 |
|
|
|a text
|b txt
|2 rdacontent
|
| 337 |
|
|
|a computer
|b c
|2 rdamedia
|
| 338 |
|
|
|a online resource
|b cr
|2 rdacarrier
|
| 490 |
1 |
|
|a Be your best
|
| 588 |
|
|
|a Description based on print version record.
|
| 590 |
|
|
|a Electronic reproduction. Ann Arbor, MI : ProQuest, 2018. Available via World Wide Web. Access may be limited to ProQuest affiliated libraries.
|
| 650 |
|
0 |
|a Career development.
|
| 655 |
|
4 |
|a Electronic books.
|
| 776 |
0 |
8 |
|i Print version:
|a Gibbings, Michelle.
|t Get career fit : healthcheck your career and leap into your future.
|b Second edition.
|d Milton, Queensland : Wiley, c2020
|h xxxix, 209 pages
|k Be your best.
|z 9780730382072
|
| 797 |
2 |
|
|a ProQuest (Firm)
|
| 830 |
|
0 |
|a Be your best.
|
| 856 |
4 |
0 |
|u https://ebookcentral.proquest.com/lib/matrademy/detail.action?docID=6010961
|z Click to View
|